00734nam a22002297a 450000500170000001000110001702000100002803500110003803700160004904000120006508200160007710000220009324500420011526000320015727000340018930000350022365000410025865000350029994200250033499900190035995201260037820170124110245.0 a612404 c00.00 a612404 bCen Lib/Ret aDPLbEN a230.34bKAN aKanwar Lal997049 aThe religion of love /cby Kanwar Lal aDelhibArts & Lettersc1971 bDelhia57, Darya Ganje110006 avi,102p. :c28cm(Hb)bcol.ill. aKrishna (Hindu deity) -- Cult997050 aRādhā (Hindu deity)997051 2ddccENh230.34mKAN c135437d135437 001040718REFaLbLd2015-10-06eCen Lib/Retg0.00l0o230.34 KANp612404r2015-10-06 00:00:00t1v0.00w2015-10-06yEN